000 00486nam a2200157 a 4500
001 000043007
005 20201002040552.0
008 140217s2003 nyuac 000 0 spa d
020 _a0375760520
040 _aDO-SdBNP
_bspa
_cBNPHU
082 _axxxx
_bxxxx
100 1 _aMacMillan, Margaret,
_d1943-
_970527
245 1 0 _aParis :
_bsix months that changed the world /
_cMargaret MacMillan.
260 _aNew York :
_bRandom House,
_c2003.
300 _axxxi, 570 p. :
_bil., retrs. ;
_c25 cm.
999 _c42496
_d42496